Financial accounting (Record no. 110416)
[ view plain ]
| 000 -LEADER | |
|---|---|
| fixed length control field | 00356nam a2200145Ia 4500 |
| 008 - FIXED-LENGTH DATA ELEMENTS--GENERAL INFORMATION | |
| fixed length control field | 230917s9999||||xx |||||||||||||| ||und|| |
| 040 ## - CATALOGING SOURCE | |
| -- | 105665 |
| Original cataloging agency | VIVEKANANDA LIBRARY |
| 041 ## - Language | |
| -- | English |
| 082 ## - DDC NUMBER | |
| Classification number | 657.48 T829F |
| 100 ## - MAIN ENTRY--PERSONAL NAME | |
| Personal name | Tulsian, P C |
| 245 #0 - TITLE STATEMENT | |
| Title | Financial accounting |
| 260 ## - PUBLICATION, DISTRIBUTION, ETC. (IMPRINT) | |
| Place of publication, distribution, etc | Singapore |
| Name of publisher, distributor, etc | Pearson Education |
| Date of publication, distribution, etc | 2003 |
| 300 ## - PHYSICAL DESCRIPTION | |
| Pages | xv, A-11 p. |
| 942 ## - ADDED ENTRY ELEMENTS (KOHA) | |
| Koha item type | Books |
| Withdrawn status | Lost status | Source of classification or shelving scheme | Damaged status | Not for loan | Location (home branch) | Sublocation or collection (holding branch) | Shelving location | Date acquired | Koha issues (times borrowed) | Koha full call number | Accession No. | Koha date last seen | Koha item type |
|---|---|---|---|---|---|---|---|---|---|---|---|---|---|
| Withdrawn | Dewey Decimal Classification | Damaged | VIVEKANANDA LIBRARY | VIVEKANANDA LIBRARY | IMSAR Library | 01/03/2005 | 657.48 T829F | 197495 | 17/09/2023 | Books | |||
| VIVEKANANDA LIBRARY | VIVEKANANDA LIBRARY | IMSAR Library | 01/03/2005 | 2 | 657.48 T829F | 197496 | 01/12/2025 | Books | |||||
| VIVEKANANDA LIBRARY | VIVEKANANDA LIBRARY | IMSAR Library | 01/03/2005 | 657.48 T829F | 215998 | 17/09/2023 | Books | ||||||
| VIVEKANANDA LIBRARY | VIVEKANANDA LIBRARY | IMSAR Library | 01/03/2005 | 1 | 657.48 T829F | 215999 | 18/12/2025 | Books | |||||
| VIVEKANANDA LIBRARY | VIVEKANANDA LIBRARY | IMSAR Library | 01/03/2005 | 1 | 657.48 T829F | 216000 | 02/09/2025 | Books | |||||
| VIVEKANANDA LIBRARY | VIVEKANANDA LIBRARY | IMSAR Library | 01/03/2005 | 657.48 T829F | 216001 | 17/09/2023 | Books | ||||||
| VIVEKANANDA LIBRARY | VIVEKANANDA LIBRARY | IMSAR Library | 01/03/2005 | 657.48 T829F | 216002 | 17/09/2023 | Books | ||||||
| VIVEKANANDA LIBRARY | VIVEKANANDA LIBRARY | 01/03/2005 | 657.48 T829F | 262790 | 17/09/2023 | Books | |||||||
| VIVEKANANDA LIBRARY | VIVEKANANDA LIBRARY | 01/03/2005 | 2 | 657.48 T829F | 262791 | 21/11/2025 | Books |
